Selected modern English essays / (Record no. 22332)
[ view plain ]
| 000 -LEADER | |
|---|---|
| fixed length control field | 00733nam a22002291 4500 |
| 001 - CONTROL NUMBER | |
| control field | 22332 |
| 003 - CONTROL NUMBER IDENTIFIER | |
| rucl marc code | BD-RjUL |
| 005 - DATE AND TIME OF LATEST TRANSACTION | |
| control field | 20250624115207.0 |
| 008 - FIXED-LENGTH DATA ELEMENTS--GENERAL INFORMATION | |
| fixed length control field | 140308r19491925enk 000 e eng |
| 035 ## - SYSTEM CONTROL NUMBER | |
| System control number | (BD-RjUL)22397 |
| 040 ## - CATALOGING SOURCE | |
| Original cataloging agency | DLC |
| Transcribing agency | TxU |
| Modifying agency | OCoLC |
| -- | DLC |
| -- | BD-RjUL |
| Language of cataloging | eng |
| 041 ## - LANGUAGE CODE | |
| Language code of text/sound track or separate title | eng |
| 082 ## - DEWEY DECIMAL CLASSIFICATION NUMBER | |
| Classification number | 824.9 |
| Author mark and year | MIS 1949 |
| Edition number | 21 |
| 100 1# - MAIN ENTRY--PERSONAL NAME | |
| Personal name | Milford, Humphrey Sumner, |
| Dates associated with a name | 1877-1952, |
| 9 (RLIN) | 55154 |
| 245 00 - TITLE STATEMENT | |
| Title | Selected modern English essays / |
| Statement of responsibility, etc. | Humphrey Sumner Milford |
| 260 ## - PUBLICATION, DISTRIBUTION, ETC. (IMPRINT) | |
| Place of publication, distribution, etc. | London ; |
| -- | New York [etc.] : |
| Name of publisher, distributor, etc. | H. Milford, Oxford University Press, |
| Date of publication, distribution, etc. | 1925 [Reprinted 1949]. |
| 300 ## - PHYSICAL DESCRIPTION | |
| Pagination | x, 435 p. ; |
| Size | 16 cm. |
| 650 #0 - SUBJECT ADDED ENTRY--TOPICAL TERM | |
| Topical term or geographic name as entry element | English essays. |
| 9 (RLIN) | 68958 |
| 942 ## - ADDED ENTRY ELEMENTS (KOHA) | |
| Source of classification or shelving scheme | Dewey Decimal Classification |
| Koha item type | Books |
| Lost status | Source of classification or shelving scheme | Damaged status | Not for loan | Collection code | Permanent Location | Current Location | Shelving location | Date acquired | Source of acquisition | Cost, normal purchase price | Total Checkouts | Full call number | Date last seen | Copy number | Koha item type |
|---|---|---|---|---|---|---|---|---|---|---|---|---|---|---|---|
| Dewey Decimal Classification | Fiction | Central Library, University of Rajshahi | Central Library, University of Rajshahi | 25/10/1954 | O. U. P | 2.13 | 824.9 MIS 1949 | 08/03/2014 | C-2 | Books | |||||
| Dewey Decimal Classification | Not For Loan | Non-fiction | Central Library, University of Rajshahi | Central Library, University of Rajshahi | Reading Room | 19/01/1955 | M.B.P. Dhaka | 824.9 MIS 1949 | 24/06/2025 | C-1 | Books | ||||
| Dewey Decimal Classification | Non-fiction | Central Library, University of Rajshahi | Central Library, University of Rajshahi | General Stacks | 18/12/1970 | Swuits & zeitlinger | 10.00 | 824.9 MIS 1949 | 24/06/2025 | C-3 | Books |